| 000 | 00351nam a22001337a 4500 | ||
|---|---|---|---|
| 020 | _a9789401083133 | ||
| 040 | _cNUST | ||
| 082 | _a658.5 BRA | ||
| 100 |
_aBranch, Alan E. _984168 |
||
| 245 | _aElements of Port Operation and Management | ||
| 260 |
_aLONDON: _bChapman and Hall, _c1986. |
||
| 650 |
_aHarbors -- Management. _984169 |
||
| 942 |
_2ddc _cBK |
||
| 999 |
_c586758 _d586758 |
||